000
00283nam a22001217a 4500
003
SGT
082
_a
340
_b
KUM
100
_a
KUMAR ABHISHEK
245
_a
GENDER BIASED LAWS IN INDIA AN ANALYSIS ON MEN HAVING WEAKER SECTION IN LAW
260
_c
2021
300
_a
34
942
_2
ddc
_c
TH
999
_c
34059
_d
34059